Statistiques concernant Petites villes françaises que vous connaissez... peut-être

Cliquez ici pour prendre le quiz!

Statistiques générales

  • Ce quiz a été pris 13 152 fois
  • Le résultat moyen est 11 sur 20

Statistiques - réponses

IndiceVille% Correct
Son bassin abrite la Dune du Pilat ainsi que de nombreuses stations balnéairesArcachon
85%
La marque d'eau minérale originaire de cette ville est deuxième mondiale en volume de productionÉvian-les-Bains
82%
L'un de ses gendarmes a été interprété par Louis de Funès au cinémaSaint-Tropez
77%
Elle accueille 6 millions de pélerins par an, ce qui en fait la deuxième ville la plus visitée de FranceLourdes
74%
Cet îlot rocheux surplombé d'une abbaye est un lieu emblématique du patrimoine françaisLe Mont Saint-Michel
73%
Sa grotte, découverte en 1940, est certainement l'exemple d'art pariétal le plus célèbre au mondeMontignac-Lascaux
72%
Le plus grand des Châteaux de la Loire, propriété de l'État français, y est situéChambord
71%
Les Jeux Olympiques d'Hiver s'y sont déroulés en 1992Albertville
70%
Cette ville picarde a donné son nom à un type de crème fouettée très populaire en FranceChantilly
64%
Elle a donné son nom à la plus prestigieuse des écoles militaires françaisesSaint-Cyr-l'École
62%
Cette commune bretonne est principalement connue pour ses alignements de 2 934 menhirsCarnac
52%
Elle organise chaque année le Festival du cinéma américain qui fait sa renommée internationaleDeauville
45%
Elle possède une tapisserie relatant l'invasion de l'Angleterre par Guillaume le ConquérantBayeux
44%
Une tribune s'est effondrée dans cette banlieue de Bastia en 1992, faisant 18 morts et 2 200 blessésFuriani
36%
Il s'agit de la préfecture de l'Ardèche, qui est la moins peuplée du pays avec 8 363 habitantsPrivas
35%
On peut y trouver le plus grand établissement pénitentiaire d'Europe, avec 4 347 détenusFleury-Mérogis
32%
« Bal tragique à ___ – 1 mort » titrait le journal Hara-Kiri à la disparition de Charles de GaulleColombey
(les Deux Églises)
31%
C'est le titre d'une célèbre chanson de Jacques Brel. « Chauffe, Marcel ! »Vesoul
29%
Son nom figure sur la plupart des plaques d'égout françaises car elles y sont fabriquéesPont-à-Mousson
23%
Cette ville du Loiret est connue en Chine car l'ancien dirigeant Deng Xiaoping y a passé son enfanceMontargis
14%

Distribution des résultats

Percentile par nombre de réponses

% des personnes avec chaque résultat

Votre développement - résultats

Vous n’avez pas pris ce quiz